000 00321nam a2200109Ia 4500
008 220204s9999 xx 000 0 und d
082 _a631.8(540):016
_bSOM
100 _aSOMANI, L L
245 0 _aBiofertilizers in Indian agriculture: An annotated bibliography 1906-84.
260 _aDelhi
_bConcept Pub
_c1987
942 _cBK
999 _c39669
_d39669